| 000 | 01423nam a2200121Ia 4500 | ||
|---|---|---|---|
| 008 | 220620s9999||||xx |||||||||||||| ||und|| | ||
| 100 | _aCascioli, Vincenzo||McCarthy, Peter W.||Liu, Zhuofu | ||
| 245 | 0 | _aHumidity Sensors. Advances in Reliability, Calibration and Application | |
| 546 | _aEnglish[eng] | ||
| 650 | _aemissivity||transient response||Trace moisture||user interaction||IDE||SHT75||random shocks||humidity sensor||calibration points||measurement uncertainty||humidity||porous materials||building materials||Monte Carlo method||relative humidity||capacitive sensors||reliability model||microwave resonator||remote sensing||body-seat interface||low pressure||moisture||low temperature||bio fuel||three-dimensional graphene foams||moisture measurement||dual temperature-humidity sensor||humidity sensors||FD||consumer grade weather stations||CO2||fast response||frequency domain||dependent competing failure||dielectric constant||time domain reflectometry||agriculture||saturated salt solutions||winter fire risk||Mars in-situ measurements||experimental simulation chambers||paper mill||capacitive||sitting rate||infrared radiant source||calibration||capacitive humidity sensors||self-recovery||carbon dioxide||TDR||ball SAW sensor||Martian atmosphere||surface acoustic wave||permeation tube||thermal impact||SIDE||surface soil water content||PI | ||
| 856 | _uhttps://mdpi.com/books/pdfview/book/1398 | ||
| 942 | _cEB | ||
| 999 |
_c32267 _d32267 |
||